| 000 | 00504cam a22001932a 4500 | ||
|---|---|---|---|
| 001 | 006761 | ||
| 003 | AR-FADEU | ||
| 008 | 311216n1970####xxu####################dd | ||
| 092 |
_a304.66 _bO37 |
||
| 100 | _aOhlin, Goran | ||
| 245 | _aControl de la población y desarrollo económico | ||
| 260 | _aMéxico | ||
| 260 | _bDiana | ||
| 260 | _c1970 | ||
| 300 | _a221 p. : graf., tab | ||
| 500 | _aIncluye bibliografía | ||
| 650 | _aPOBLACION-CONTROL; POBLACION-DESARROLLO ECONOMICO | ||
| 942 | _cBDGR | ||
| 999 |
_c12576 _d12576 |
||